Ramadan Prayers (Record no. 5864)

MARC details
000 -LEADER
fixed length control field 00564nam a2200241 a 4500
020 ## - INTERNATIONAL STANDARD BOOK NUMBER
ISBN
082 00 - DEWEY DECIMAL CLASSIFICATION NUMBER
Classification number 297.52
Author Cutter CRA
100 ## - MAIN ENTRY--AUTHOR NAME
Author name Cragg, Kenneth
245 ## - TITLE STATEMENT
Title Ramadan Prayers
260 ## - PUBLICATION, DISTRIBUTION, ETC. (IMPRINT)
Place of publication Hartford
Name of publisher No Publisher
Year of publication 1957
300 ## - PHYSICAL DESCRIPTION
Number of Pages 13p
500 ## - GENERAL NOTE
General note includes index and biblioraphy
505 2# - FORMATTED CONTENTS NOTE
Formatted contents note Reserve copies
650 ## - SUBJECT ADDED ENTRY--TOPICAL TERM
Topical Term Islam-Prayers
942 ## - ADDED ENTRY ELEMENTS (KOHA)
Koha item type Books
700 1# -
-- Cragg, Kenneth
Holdings
Collection code Home library Current library Date acquired Cost, normal purchase price Full call number Accession Number Koha item type
  Henry Martyn Institute Library Henry Martyn Institute Library 07/04/2007 100.00 297.52 CRA 05208 Books
                   Copyright © 2026 | Henry Martyn Institute | Hyderabad | TS-500052 | INDIA | Implemented by hmi.edu.in
Hit-Count:

Powered by Koha